Couple 3 suku
| Main Author: | |
|---|---|
| Format: | Book |
| Published: |
Shah Alam :
Bes Q Publication ,
2016
|
| Subjects: |
MARC
| LEADER | 00000cam a2200000 7i4500 | ||
|---|---|---|---|
| 001 | 0000210941 | ||
| 005 | 20170327.0 | ||
| 020 | |a 9789672052036 | ||
| 090 | 0 | 0 | |a F |b SHA |
| 100 | 1 | |a Sharina Elisa | |
| 245 | 1 | 0 | |a Couple 3 suku |c Sharina Elisa |
| 260 | |a Shah Alam : |b Bes Q Publication , |c 2016 | ||
| 300 | |a 550p. ; |c 19cm. | ||
| 650 | 0 | |a Malay fiction | |
| 999 | |a 00338926 |b BUKU |c PINJAMAN |e PERPUSTAKAAN KOMUNITI PETALING JAYA | ||
| 999 | |a 00338927 |b BUKU |c PINJAMAN |e PERPUSTAKAAN KOMUNITI CAW KOTA DAMANSARA | ||
| 999 | |a 00338928 |b BUKU |c PINJAMAN |e PERPUSTAKAAN KOMUNITI CAW TAMAN MEDAN | ||